| Tag |
First Indicator |
Second Indicator |
Subfields |
| LEADER |
00000cam a22000008a 4500 |
| 001 |
in00000092362 |
| 005 |
20150923132119.0 |
| 008 |
800522s1980 nyua j 00110 engm |
| 010 |
|
|
|a 79091394
|
| 020 |
|
|
|a 0806945567 :
|c $8.95
|
| 020 |
|
|
|a 0806945575 (lib. bdg.)
|
| 035 |
|
|
|a (OCoLC)06421979
|
| 035 |
|
|
|9 AAK7446AM
|
| 040 |
|
|
|a DLC
|c DLC
|d m.c.
|d TXA
|d UtOrBLW
|
| 041 |
1 |
|
|a eng
|h fre
|
| 043 |
|
|
|a a-ja---
|
| 049 |
|
|
|a TXAM
|c [388680]
|
| 050 |
0 |
0 |
|a TT105
|b S6413
|
| 082 |
0 |
|
|a 390/.0952
|
| 100 |
1 |
|
|a Soleillant, Claude.
|
| 240 |
1 |
0 |
|a Activities aux couleurs du Japon.
|l English
|
| 245 |
1 |
0 |
|a Japan, activities & projects in color /
|c by Claude Soleillant.
|
| 263 |
|
|
|a 8005
|
| 264 |
|
1 |
|a New York :
|b Sterling ;
|a London :
|b Oak Tree Press,
|c [1980]
|
| 264 |
|
4 |
|c ©1980
|
| 300 |
|
|
|a 96 pages :
|b illustrations (some color) ;
|c 20 cm.
|
| 336 |
|
|
|a text
|b txt
|2 rdacontent
|
| 337 |
|
|
|a unmediated
|b n
|2 rdamedia
|
| 338 |
|
|
|a volume
|b nc
|2 rdacarrier
|
| 500 |
|
|
|a Translation of: Activities aux couleurs du Japon.
|
| 500 |
|
|
|a Includes index.
|
| 520 |
|
|
|a Includes craft projects, games, recipes, and other activities which celebrate Japan and its culture.
|
| 650 |
|
0 |
|a Handicraft
|z Japan
|v Juvenile literature.
|
| 650 |
|
0 |
|a Cooking, Japanese
|v Juvenile literature.
|
| 650 |
|
1 |
|a Handicraft
|z Japan.
|
| 650 |
|
1 |
|a Cookery, Japanese.
|
| 651 |
|
1 |
|a Japan
|x Social life and customs.
|
| 999 |
|
|
|a MARS
|
| 999 |
f |
f |
|s df771ff7-72b5-3ba6-bce5-4723c7c5a064
|i f70702c0-ee1c-34db-8bdc-71563656d7ed
|t 0
|
| 952 |
f |
f |
|p ric
|a Texas A&M University
|b Rellis Campus
|c Joint Library Facility
|d Remote Storage
|t 0
|e TT105 S6413
|h Library of Congress classification
|i unmediated -- volume
|m A14806007798
|
| 998 |
f |
f |
|a TT105 S6413
|t 0
|l Remote Storage
|